00660 2200253 4500001002100000005001700021008004100038020001800079035002400097082001000121090001700131100002300148245004400171250001100215260002800226300002900254500003100283650003000314850001500344980001300359985000600372986001300378999001500391YOGYA-0209000001423520090227022410.0 ind  a979-421-160-5 0010-020900000014235 a338.1 a338.1bJum D aJUMIN, Hasan Basri aDasar-dasar agronomibHasan Basri Jumin aCet. 1 aJakartabRajawalic1988 axi, 140 hlmbilusc21 cm aBibliografi : hlm. 137-140 aPertanian - Aspek ekonomi aYOPDYOG(B) a15-07-05 a1 aerrthrev aP000029487